Lục Vân Tiên

Gespeichert in:
Bibliographische Detailangaben
1. Verfasser: NGUYỄN ĐÌNH CHIỂU
Format: Buch
Sprache:Undetermined
Veröffentlicht: Đà Nẵng Đà Nẵng 2002
Schlagworte:
Tags: Tag hinzufügen
Keine Tags, Fügen Sie den ersten Tag hinzu!
Thư viện lưu trữ: Trung tâm Học liệu Trường Đại học Cần Thơ
LEADER 00489nam a2200169Ia 4500
001 CTU_50174
008 210402s9999 xx 000 0 und d
082 |a 895.92212 
082 |b Ch309 
100 |a NGUYỄN ĐÌNH CHIỂU 
245 0 |a Lục Vân Tiên 
245 0 |c NGUYỄN ĐÌNH CHIỂU 
260 |a Đà Nẵng 
260 |b Đà Nẵng 
260 |c 2002 
650 |a vietnamese poetry - 19th century 
980 |a Trung tâm Học liệu Trường Đại học Cần Thơ